000 00553nam a2200181Ia 4500
008 151018s9999 xx 000 0 und d
082 _bRBASDV57799
_a891.461
100 _aमंगेश पाडगांवकर
245 _aविदुषक
250 _b5
260 _bपुणे प्रकाशन
_c2008
300 _a101
600 _aमंगेश पाडगांवकर
630 _aविदुषक
700 _aमंगेश पाडगांवकर
730 _aविदुषक
942 _cBOOK
999 _c1053064
_d1053061